North American Sports Champions 1940's - Statistics

General Stats
  • This quiz has been taken 104 times
  • The average score is 14 of 19
Answer Stats
Team % Correct
New York Yankees
99%
Montreal Canadiens
93%
Cincinnati Reds
91%
Chicago Cardinals
87%
Green Bay Packers
87%
St. Louis Cardinals
87%
Boston Bruins
82%
Detroit Red Wings
81%
Chicago Bears
79%
Minneapolis Lakers
79%
New York Rangers
79%
Toronto Maple Leafs
78%
Cleveland Indians
72%
Detroit Tigers
67%
Philadelphia Eagles
64%
Cleveland Rams
51%
Washington Redskins
51%
Philadelphia Warriors
49%
Baltimore Bullets
36%
No matching quizzes found
Score Distribution
Percent of People with Each Score
Percentile by Number Answered
Your Score History
You have not taken this quiz